Mais partidas Seleção do Uruguai - Statistics

Estatísticas Gerais
  • Esse quiz foi jogado 51 vezes
    43 desde o último reset
  • A pontuação média é 6 de 10
Estatísticas das Respostas
Jogos Período Jogador % Correto
136 2007-presente Luís Suárez
100%
135 2007-presente Edinson Cavani
96%
133 2009-presente Fernando Muslera
85%
161 2005-presente Diego Godín
78%
112 2002-2014 Diego Forlán
67%
95 2005-2014 Diego Lugano
44%
116 2007-presente Martín Cáceres
41%
125 2005-2018 Maxi Pereira
37%
110 2003-2018 Cristian Rodríguez
30%
89 2006-2017 Arévalo Ríos / Arévalo
19%
Nenhum quiz correspondente encontrado
Distribuição das Pontuações
Porcentagem de Pessoas com Cada Pontuação
Percentil de Números Respondidos
Sua Pontuação Histórica
Você não jogou esse quiz desde o último reset